UM Logo

The effect of a language and Literacy intervention on upper elementary bilingual student's argument writing / (Record no. 21693)

MARC details
000 -LEADER
fixed length control field 01134nam a22002537a 4500
003 - CONTROL NUMBER IDENTIFIER
control field OSt
005 - DATE AND TIME OF LATEST TRANSACTION
control field 20250219161659.0
008 - FIXED-LENGTH DATA ELEMENTS--GENERAL INFORMATION
fixed length control field 240916b ||||| |||| 00| 0 eng d
040 ## - CATALOGING SOURCE
Transcribing agency 0
082 ## - DEWEY DECIMAL CLASSIFICATION NUMBER
Classification number DPer 372.05 EL269 2021 v. 122 n. 1-4
100 ## - MAIN ENTRY--PERSONAL NAME
Personal name Silverman, Rebeca D.
Relator term author.
9 (RLIN) 61185
245 ## - TITLE STATEMENT
Title The effect of a language and Literacy intervention on upper elementary bilingual student's argument writing /
Statement of responsibility, etc. Rebeca D. Silverman, C. Patrick Proctor, Jeffrey R. Harring, Karen S. Taylor, Erika S. Taylor, Renata Love Jones, and Yewon Lee.
260 ## - PUBLICATION, DISTRIBUTION, ETC. (IMPRINT)
Place of publication, distribution, etc. USA ;
Name of publisher, distributor, etc. Univirsity of Chicago Press,
Date of publication, distribution, etc. December 2021.
300 ## - PHYSICAL DESCRIPTION
Extent volume 122, pages 208-232,
Other physical details illustration.
500 ## - GENERAL NOTE
General note The Elementary School Journal, v. 122, n. 2, pages 208-232, December 2021
700 ## - ADDED ENTRY--PERSONAL NAME
Personal name Silverman, Rebeca D.
Relator term author.
9 (RLIN) 61185
700 ## - ADDED ENTRY--PERSONAL NAME
Personal name Proctor, C. Patrick
Relator term author.
9 (RLIN) 61186
700 ## - ADDED ENTRY--PERSONAL NAME
Personal name Harring, Jeffrey R.
Relator term author.
9 (RLIN) 61187
700 ## - ADDED ENTRY--PERSONAL NAME
Personal name Taylor, Karen S.
Relator term author.
9 (RLIN) 61188
700 ## - ADDED ENTRY--PERSONAL NAME
Personal name Johnson, Erika S.
Relator term author.
9 (RLIN) 61189
700 ## - ADDED ENTRY--PERSONAL NAME
Personal name Jones, Renata Love.
Relator term author.
9 (RLIN) 61190
700 ## - ADDED ENTRY--PERSONAL NAME
Personal name Lee, Yewon.
Relator term author.
9 (RLIN) 61191
942 ## - ADDED ENTRY ELEMENTS (KOHA)
Source of classification or shelving scheme Dewey Decimal Classification
Koha item type Periodicals
Holdings
Withdrawn status Lost status Source of classification or shelving scheme Damaged status Not for loan Collection code Home library Current library Date acquired Total Checkouts Date last seen Price effective from Koha item type Public note
    Dewey Decimal Classification     Periodicals UM Digos College - LIC UM Digos College - LIC 09/16/2024   09/16/2024 09/16/2024 Periodicals Periodical Article